[Event "DEM U16 2024"]
[Site "Willingen GER"]
[Date "2024.05.25"]
[Round "9"]
[White "Strehse, Nelson"]
[Black "Sauer, Tim"]
[Result "1/2-1/2"]
[Termination "normal"]
[Board "2"]
[WhiteElo "2156"]
[BlackElo "2053"]
[WhiteClock "00:02:44"]
[BlackClock "00:00:33"]
[PlyCount "179"]
[WhiteFideId "16228898"]
[BlackFideId "16265726"]
[EventCountry "GER"]
[EventRounds "9"]
[EventType "swiss"]
[EventDate "2024.05.18"]

1. e4 {[%clk 01:30:53]} {[%emt 00:00:07]} c5 {[%clk 01:30:49]} {[%emt
00:00:12]} 2. Nf3 {[%clk 01:31:16]} {[%emt 00:00:06]} Nc6 {[%clk 01:31:11]}
{[%emt 00:00:08]} 3. d4 {[%clk 01:29:58]} {[%emt 00:01:48]} cxd4 {[%clk
01:31:36]} {[%emt 00:00:05]} 4. Nxd4 {[%clk 01:30:25]} {[%emt 00:00:03]} g6
{[%clk 01:32:01]} {[%emt 00:00:05]} 5. c4 {[%clk 01:30:47]} {[%emt 00:00:08]}
Bg7 {[%clk 01:32:26]} {[%emt 00:00:06]} 6. Be3 {[%clk 01:30:53]} {[%emt
00:00:23]} Nf6 {[%clk 01:32:48]} {[%emt 00:00:08]} 7. Nc3 {[%clk 01:31:12]}
{[%emt 00:00:11]} O-O {[%clk 01:33:00]} {[%emt 00:00:18]} 8. Be2 {[%clk
01:31:32]} {[%emt 00:00:10]} d6 {[%clk 01:33:25]} {[%emt 00:00:05]} 9. O-O
{[%clk 01:31:54]} {[%emt 00:00:08]} Bd7 {[%clk 01:33:51]} {[%emt 00:00:05]} 10.
Nc2 {[%clk 01:32:13]} {[%emt 00:00:11]} Be6 {[%clk 01:33:31]} {[%emt 00:00:50]}
11. Rc1 {[%clk 01:29:38]} {[%emt 00:03:04]} Nd7 {[%clk 01:08:32]} {[%emt
00:25:30]} 12. Qd2 {[%clk 01:27:31]} {[%emt 00:02:37]} Qa5 {[%clk 00:43:21]}
{[%emt 00:25:41]} 13. Nd4 {[%clk 00:41:15]} {[%emt 00:46:44]} Nc5 {[%clk
00:23:01]} {[%emt 00:20:51]} 14. f3 {[%clk 00:37:27]} {[%emt 00:04:18]} Na4
{[%clk 00:14:14]} {[%emt 00:09:17]} 15. Nxe6 {[%clk 00:30:17]} {[%emt
00:07:40]} Bxc3 {[%clk 00:13:41]} {[%emt 00:01:02]} 16. Rxc3 {[%clk 00:30:22]}
{[%emt 00:00:26]} fxe6 {[%clk 00:07:44]} {[%emt 00:06:27]} 17. Rc2 {[%clk
00:29:52]} {[%emt 00:01:00]} Qxd2 {[%clk 00:07:35]} {[%emt 00:00:40]} 18. Rxd2
{[%clk 00:30:09]} {[%emt 00:00:12]} Nc5 {[%clk 00:06:36]} {[%emt 00:01:29]} 19.
Rb1 {[%clk 00:29:26]} {[%emt 00:01:12]} a5 {[%clk 00:06:51]} {[%emt 00:00:16]}
20. b3 {[%clk 00:28:19]} {[%emt 00:01:38]} Rfc8 {[%clk 00:03:44]} {[%emt
00:03:36]} 21. a3 {[%clk 00:26:41]} {[%emt 00:02:08]} e5 {[%clk 00:03:23]}
{[%emt 00:00:52]} 22. b4 {[%clk 00:26:12]} {[%emt 00:00:58]} axb4 {[%clk
00:03:50]} {[%emt 00:00:03]} 23. axb4 {[%clk 00:26:41]} Ne6 {[%clk 00:04:11]}
{[%emt 00:00:09]} 24. c5 {[%clk 00:26:51]} {[%emt 00:00:21]} Rd8 {[%clk
00:00:51]} {[%emt 00:03:49]} 25. Bc4 {[%clk 00:14:29]} {[%emt 00:12:52]} Kf7
{[%clk 00:01:14]} {[%emt 00:00:07]} 26. Rbd1 {[%clk 00:14:45]} {[%emt
00:00:14]} dxc5 {[%clk 00:00:47]} {[%emt 00:00:57]} 27. Rxd8 {[%clk 00:15:07]}
{[%emt 00:00:09]} Rxd8 {[%clk 00:01:14]} {[%emt 00:00:03]} 28. Rxd8 {[%clk
00:15:24]} {[%emt 00:00:12]} Ncxd8 {[%clk 00:01:40]} {[%emt 00:00:04]} 29. Bxc5
{[%clk 00:15:14]} {[%emt 00:00:39]} Ke8 {[%clk 00:00:35]} {[%emt 00:01:35]} 30.
Be3 {[%clk 00:10:54]} {[%emt 00:04:50]} Kd7 {[%clk 00:00:44]} {[%emt 00:00:21]}
31. Kf2 {[%clk 00:10:51]} {[%emt 00:00:33]} Nc6 {[%clk 00:00:36]} {[%emt
00:00:40]} 32. Bd2 {[%clk 00:09:38]} {[%emt 00:01:42]} Kd6 {[%clk 00:00:34]}
{[%emt 00:00:32]} 33. Bd5 {[%clk 00:09:24]} {[%emt 00:00:44]} Ncd8 {[%clk
00:00:34]} {[%emt 00:00:31]} 34. g3 {[%clk 00:09:29]} {[%emt 00:00:24]} b5
{[%clk 00:00:35]} {[%emt 00:00:29]} 35. Bc3 {[%clk 00:09:23]} {[%emt 00:00:36]}
Nf7 {[%clk 00:00:34]} {[%emt 00:00:32]} 36. Ke3 {[%clk 00:09:40]} {[%emt
00:00:12]} Nh6 {[%clk 00:00:34]} {[%emt 00:00:30]} 37. h3 {[%clk 00:09:36]}
{[%emt 00:00:33]} g5 {[%clk 00:00:34]} {[%emt 00:00:31]} 38. Kf2 {[%clk
00:08:22]} {[%emt 00:01:43]} Ng8 {[%clk 00:00:36]} {[%emt 00:00:29]} 39. Ke3
{[%clk 00:05:16]} {[%emt 00:03:36]} Nf6 {[%clk 00:00:41]} {[%emt 00:00:25]} 40.
Bb3 {[%clk 00:05:06]} {[%emt 00:00:38]} Nh5 {[%clk 00:00:37]} {[%emt 00:00:36]}
41. Be1 {[%clk 00:02:29]} {[%emt 00:03:04]} Nf6 {[%clk 00:27:40]} {[%emt
00:03:30]} 42. Bd1 {[%clk 00:29:31]} {[%emt 00:03:25]} Nd7 {[%clk 00:11:28]}
{[%emt 00:16:45]} 43. Bc3 {[%clk 00:23:45]} {[%emt 00:06:15]} Kc6 {[%clk
00:10:01]} {[%emt 00:01:58]} 44. Be2 {[%clk 00:23:07]} {[%emt 00:01:07]} Kb6
{[%clk 00:09:12]} {[%emt 00:01:21]} 45. Bd3 {[%clk 00:22:18]} {[%emt 00:01:18]}
Kc6 {[%clk 00:09:25]} {[%emt 00:00:17]} 46. Bc2 {[%clk 00:22:22]} {[%emt
00:00:26]} Kd6 {[%clk 00:09:48]} {[%emt 00:00:08]} 47. Bd1 {[%clk 00:19:54]}
{[%emt 00:02:57]} Kc6 {[%clk 00:09:57]} {[%emt 00:00:21]} 48. Kd3 {[%clk
00:19:42]} {[%emt 00:00:41]} Kd6 {[%clk 00:09:15]} {[%emt 00:01:13]} 49. Bb3
{[%clk 00:19:56]} {[%emt 00:00:16]} Nf6 {[%clk 00:09:03]} {[%emt 00:00:42]} 50.
Ke3 {[%clk 00:17:10]} {[%emt 00:03:16]} Nh5 {[%clk 00:06:58]} {[%emt 00:02:36]}
51. Be1 {[%clk 00:17:19]} {[%emt 00:00:19]} Nf6 {[%clk 00:06:54]} {[%emt
00:00:35]} 52. Bc2 {[%clk 00:16:46]} {[%emt 00:01:02]} Kc6 {[%clk 00:06:47]}
{[%emt 00:00:38]} 53. Bc3 {[%clk 00:16:43]} {[%emt 00:00:34]} Nd7 {[%clk
00:07:00]} {[%emt 00:00:17]} 54. Bd2 {[%clk 00:15:47]} {[%emt 00:01:25]} Kd6
{[%clk 00:05:32]} {[%emt 00:02:00]} 55. Kd3 {[%clk 00:15:04]} {[%emt 00:01:11]}
Nf6 {[%clk 00:05:18]} {[%emt 00:00:46]} 56. Bb3 {[%clk 00:14:57]} {[%emt
00:00:36]} Nd4 {[%clk 00:04:49]} {[%emt 00:01:00]} 57. Bd1 {[%clk 00:15:17]}
{[%emt 00:00:08]} Ne6 {[%clk 00:05:13]} {[%emt 00:00:06]} 58. Be3 {[%clk
00:14:57]} {[%emt 00:00:49]} Ne8 {[%clk 00:03:34]} {[%emt 00:02:10]} 59. Bb3
{[%clk 00:15:12]} {[%emt 00:00:15]} N8c7 {[%clk 00:02:47]} {[%emt 00:01:18]}
60. Kc3 {[%clk 00:15:08]} {[%emt 00:00:33]} Kc6 {[%clk 00:02:41]} {[%emt
00:00:37]} 61. Bc2 {[%clk 00:15:01]} {[%emt 00:00:36]} Ne8 {[%clk 00:02:45]}
{[%emt 00:00:26]} 62. Bb1 {[%clk 00:15:07]} {[%emt 00:00:24]} N8c7 {[%clk
00:02:37]} {[%emt 00:00:39]} 63. Ba2 {[%clk 00:15:30]} {[%emt 00:00:07]} Kd6
{[%clk 00:03:03]} {[%emt 00:00:04]} 64. Bb6 {[%clk 00:15:27]} {[%emt 00:00:31]}
Kc6 {[%clk 00:01:41]} {[%emt 00:01:54]} 65. Ba7 {[%clk 00:14:20]} {[%emt
00:01:35]} Kb7 {[%clk 00:01:23]} {[%emt 00:00:50]} 66. Be3 {[%clk 00:11:09]}
{[%emt 00:03:39]} Kc6 {[%clk 00:01:47]} {[%emt 00:00:07]} 67. Kd3 {[%clk
00:10:49]} {[%emt 00:00:49]} Kd6 {[%clk 00:01:53]} {[%emt 00:00:25]} 68. Bd2
{[%clk 00:10:50]} {[%emt 00:00:28]} Kc6 {[%clk 00:01:21]} {[%emt 00:01:03]} 69.
Bc3 {[%clk 00:11:08]} {[%emt 00:00:12]} Kd6 {[%clk 00:01:47]} {[%emt 00:00:03]}
70. Ke3 {[%clk 00:11:08]} {[%emt 00:00:29]} Ne8 {[%clk 00:01:16]} {[%emt
00:01:02]} 71. Bb1 {[%clk 00:11:20]} {[%emt 00:00:18]} Nf6 {[%clk 00:00:38]}
{[%emt 00:01:08]} 72. Bc2 {[%clk 00:11:37]} {[%emt 00:00:12]} Nd7 {[%clk
00:00:44]} {[%emt 00:00:25]} 73. Bd3 {[%clk 00:11:20]} {[%emt 00:00:47]} Kc6
{[%clk 00:01:09]} {[%emt 00:00:06]} 74. Bb2 {[%clk 00:11:02]} {[%emt 00:00:48]}
Kb6 {[%clk 00:01:25]} {[%emt 00:00:14]} 75. Bf1 {[%clk 00:10:14]} {[%emt
00:01:17]} Kc6 {[%clk 00:01:06]} {[%emt 00:00:49]} 76. Be2 {[%clk 00:10:33]}
{[%emt 00:00:10]} Kb6 {[%clk 00:01:26]} {[%emt 00:00:12]} 77. Bd3 {[%clk
00:10:53]} {[%emt 00:00:08]} Kc6 {[%clk 00:01:48]} {[%emt 00:00:09]} 78. Bf1
{[%clk 00:11:17]} {[%emt 00:00:05]} Kb6 {[%clk 00:00:51]} {[%emt 00:01:28]} 79.
h4 {[%clk 00:10:53]} {[%emt 00:00:53]} gxh4 {[%clk 00:00:45]} {[%emt 00:00:36]}
80. Bh3 {[%clk 00:10:44]} {[%emt 00:00:38]} Ndf8 {[%clk 00:00:43]} {[%emt
00:00:33]} 81. Bxe5 {[%clk 00:06:07]} {[%emt 00:05:07]} Ng5 {[%clk 00:00:57]}
{[%emt 00:00:17]} 82. Bf1 {[%clk 00:05:15]} {[%emt 00:01:21]} hxg3 {[%clk
00:00:44]} {[%emt 00:00:45]} 83. Bxg3 {[%clk 00:05:42]} {[%emt 00:00:03]} Nf7
{[%clk 00:00:37]} {[%emt 00:00:36]} 84. Bh3 {[%clk 00:05:23]} {[%emt 00:00:48]}
Kc6 {[%clk 00:00:38]} {[%emt 00:00:30]} 85. Kd4 {[%clk 00:04:47]} {[%emt
00:01:06]} e6 {[%clk 00:00:36]} {[%emt 00:00:33]} 86. Bf4 {[%clk 00:04:34]}
{[%emt 00:00:42]} Kb6 {[%clk 00:00:36]} {[%emt 00:00:32]} 87. Bg4 {[%clk
00:03:53]} {[%emt 00:01:10]} Kc6 {[%clk 00:00:34]} {[%emt 00:00:32]} 88. Be5
{[%clk 00:03:14]} {[%emt 00:01:08]} Ng6 {[%clk 00:00:36]} {[%emt 00:00:29]} 89.
Bf6 {[%clk 00:02:44]} {[%emt 00:00:59]} Kd6 {[%clk 00:00:33]} {[%emt 00:00:34]}
90. Bh5 {[%emt 00:01:00]} 1/2-1/2

[Event "DEM U16 2024"]
[Site "Willingen GER"]
[Date "2024.05.25"]
[Round "9"]
[White "Bräutigam, Alexander"]
[Black "Klaska, Philipp Leon"]
[Result "1/2-1/2"]
[Termination "normal"]
[Board "3"]
[WhiteElo "2134"]
[BlackElo "2142"]
[WhiteClock "00:53:54"]
[BlackClock "00:23:50"]
[PlyCount "40"]
[WhiteFideId "16245210"]
[BlackFideId "16238044"]
[EventCountry "GER"]
[EventRounds "9"]
[EventType "swiss"]
[EventDate "2024.05.18"]

1. c4 {[%clk 01:30:59]} {[%emt 00:00:02]} e5 {[%clk 01:30:43]} {[%emt
00:00:17]} 2. Nc3 {[%clk 01:31:24]} {[%emt 00:00:05]} Nf6 {[%clk 01:31:03]}
{[%emt 00:00:09]} 3. g3 {[%clk 01:31:46]} {[%emt 00:00:09]} d5 {[%clk
01:30:57]} {[%emt 00:00:36]} 4. cxd5 {[%clk 01:32:10]} {[%emt 00:00:07]} Nxd5
{[%clk 01:31:21]} {[%emt 00:00:05]} 5. Bg2 {[%clk 01:32:36]} {[%emt 00:00:04]}
Nb6 {[%clk 01:31:08]} {[%emt 00:00:43]} 6. Nf3 {[%clk 01:32:37]} {[%emt
00:00:28]} Nc6 {[%clk 01:31:37]} 7. a3 {[%clk 01:31:37]} {[%emt 00:01:32]} Be7
{[%clk 01:29:20]} {[%emt 00:02:47]} 8. d3 {[%clk 01:30:26]} {[%emt 00:01:41]}
O-O {[%clk 01:29:23]} {[%emt 00:00:27]} 9. b4 {[%clk 01:30:14]} {[%emt
00:00:42]} Be6 {[%clk 01:21:19]} {[%emt 00:08:34]} 10. O-O {[%clk 01:30:06]}
{[%emt 00:00:37]} f6 {[%clk 01:14:27]} {[%emt 00:07:22]} 11. Qc2 {[%clk
01:26:22]} {[%emt 00:04:14]} Qd7 {[%clk 00:57:23]} {[%emt 00:17:36]} 12. Ne4
{[%clk 01:19:47]} {[%emt 00:07:05]} a5 {[%clk 00:46:48]} {[%emt 00:11:05]} 13.
Nc5 {[%clk 01:17:13]} {[%emt 00:03:03]} Bxc5 {[%clk 00:44:22]} {[%emt
00:02:56]} 14. bxc5 {[%clk 01:17:32]} {[%emt 00:00:10]} Nd5 {[%clk 00:43:39]}
{[%emt 00:01:13]} 15. Rb1 {[%clk 01:16:51]} {[%emt 00:01:12]} Rab8 {[%clk
00:41:00]} {[%emt 00:03:10]} 16. Bd2 {[%clk 01:14:48]} {[%emt 00:02:32]} b5
{[%clk 00:38:46]} {[%emt 00:02:44]} 17. cxb6 {[%clk 00:59:55]} {[%emt
00:15:23]} cxb6 {[%clk 00:39:14]} {[%emt 00:00:01]} 18. Rfd1 {[%clk 00:54:20]}
{[%emt 00:06:06]} Rfc8 {[%clk 00:35:42]} {[%emt 00:04:01]} 19. Qb2 {[%clk
00:53:56]} {[%emt 00:00:51]} b5 {[%clk 00:28:49]} {[%emt 00:07:27]} 20. e4
{[%clk 00:53:54]} {[%emt 00:00:32]} Nb6 {[%clk 00:23:50]} {[%emt 00:05:22]}
1/2-1/2

[Event "DEM U16 2024"]
[Site "Willingen GER"]
[Date "2024.05.25"]
[Round "9"]
[White "Haubold, Sebastian"]
[Black "Lutze, Max"]
[Result "1/2-1/2"]
[Termination "normal"]
[Board "4"]
[WhiteElo "2127"]
[BlackElo "2054"]
[WhiteClock "00:01:46"]
[BlackClock "00:26:32"]
[PlyCount "111"]
[WhiteFideId "16259637"]
[BlackFideId "34614850"]
[EventCountry "GER"]
[EventRounds "9"]
[EventType "swiss"]
[EventDate "2024.05.18"]

1. e4 {[%clk 01:30:57]} {[%emt 00:00:02]} c5 {[%clk 01:30:51]} {[%emt
00:00:09]} 2. Nf3 {[%clk 01:31:10]} {[%emt 00:00:16]} g6 {[%clk 01:31:15]}
{[%emt 00:00:07]} 3. d4 {[%clk 01:31:28]} {[%emt 00:00:12]} cxd4 {[%clk
01:31:40]} {[%emt 00:00:06]} 4. Nxd4 {[%clk 01:31:51]} {[%emt 00:00:06]} Nc6
{[%clk 01:32:02]} {[%emt 00:00:08]} 5. Nc3 {[%clk 01:32:07]} {[%emt 00:00:14]}
Bg7 {[%clk 01:32:27]} {[%emt 00:00:05]} 6. Be3 {[%clk 01:32:30]} {[%emt
00:00:07]} Nf6 {[%clk 01:32:52]} {[%emt 00:00:05]} 7. Bc4 {[%clk 01:32:37]}
{[%emt 00:00:24]} O-O {[%clk 01:33:15]} {[%emt 00:00:06]} 8. Bb3 {[%clk
01:32:58]} {[%emt 00:00:09]} d5 {[%clk 01:33:36]} {[%emt 00:00:09]} 9. exd5
{[%clk 01:21:26]} {[%emt 00:12:02]} Na5 {[%clk 01:33:58]} {[%emt 00:00:09]} 10.
Qd2 {[%clk 01:20:13]} {[%emt 00:01:42]} Nxb3 {[%clk 01:31:50]} {[%emt
00:02:38]} 11. Nxb3 {[%clk 01:20:14]} {[%emt 00:00:29]} b5 {[%clk 01:27:00]}
{[%emt 00:05:20]} 12. O-O-O {[%clk 01:03:40]} {[%emt 00:17:04]} Bd7 {[%clk
01:19:48]} {[%emt 00:07:43]} 13. Nc5 {[%clk 00:46:26]} {[%emt 00:17:43]} b4
{[%clk 01:18:06]} {[%emt 00:02:12]} 14. N3e4 {[%clk 00:42:15]} {[%emt
00:04:41]} Nxe4 {[%clk 01:17:42]} {[%emt 00:00:54]} 15. Nxe4 {[%clk 00:42:43]}
Qa5 {[%clk 01:17:50]} {[%emt 00:00:23]} 16. Kb1 {[%clk 00:42:56]} {[%emt
00:00:17]} Bf5 {[%clk 01:17:40]} {[%emt 00:00:40]} 17. f3 {[%clk 00:42:31]}
{[%emt 00:00:55]} Rfd8 {[%clk 00:54:45]} {[%emt 00:23:25]} 18. Nc5 {[%clk
00:24:04]} {[%emt 00:18:57]} Rab8 {[%clk 00:43:29]} {[%emt 00:11:46]} 19. g4
{[%clk 00:23:33]} {[%emt 00:01:01]} Bc8 {[%clk 00:43:42]} {[%emt 00:00:17]} 20.
Nb3 {[%clk 00:22:06]} {[%emt 00:01:58]} Qb5 {[%clk 00:35:04]} {[%emt 00:09:06]}
21. Qd3 {[%clk 00:15:49]} {[%emt 00:06:47]} Qe8 {[%clk 00:30:51]} {[%emt
00:04:43]} 22. h4 {[%clk 00:15:26]} {[%emt 00:00:54]} Bb7 {[%clk 00:28:21]}
{[%emt 00:03:01]} 23. Qc4 {[%clk 00:14:11]} {[%emt 00:01:45]} Rbc8 {[%clk
00:25:22]} {[%emt 00:03:28]} 24. Bc5 {[%clk 00:13:37]} {[%emt 00:01:04]} Rc7
{[%clk 00:20:57]} {[%emt 00:04:55]} 25. Rhe1 {[%clk 00:12:15]} {[%emt
00:01:52]} Rcd7 {[%clk 00:20:07]} {[%emt 00:01:20]} 26. Qxb4 {[%clk 00:10:53]}
{[%emt 00:01:53]} Bxd5 {[%clk 00:19:40]} {[%emt 00:00:57]} 27. Bxe7 {[%clk
00:09:38]} {[%emt 00:01:44]} Bxf3 {[%clk 00:16:39]} {[%emt 00:03:31]} 28. Rxd7
{[%clk 00:07:16]} {[%emt 00:02:52]} Rxd7 {[%clk 00:16:28]} {[%emt 00:00:41]}
29. Bf6 {[%clk 00:05:44]} {[%emt 00:02:02]} Qxe1+ {[%clk 00:15:13]} {[%emt
00:01:45]} 30. Qxe1 {[%clk 00:06:11]} {[%emt 00:00:02]} Rd1+ {[%clk 00:15:29]}
{[%emt 00:00:14]} 31. Qxd1 {[%clk 00:06:39]} {[%emt 00:00:02]} Bxd1 {[%clk
00:15:47]} {[%emt 00:00:13]} 32. Bxg7 {[%clk 00:06:54]} {[%emt 00:00:14]} Kxg7
{[%clk 00:16:13]} {[%emt 00:00:05]} 33. g5 {[%clk 00:07:19]} {[%emt 00:00:05]}
h6 {[%clk 00:16:20]} {[%emt 00:00:22]} 34. Kc1 {[%clk 00:07:38]} {[%emt
00:00:12]} Bf3 {[%clk 00:16:43]} {[%emt 00:00:07]} 35. Kd2 {[%clk 00:06:06]}
{[%emt 00:02:02]} f6 {[%clk 00:17:05]} {[%emt 00:00:08]} 36. Nd4 {[%clk
00:06:21]} {[%emt 00:00:15]} Bd5 {[%clk 00:17:25]} {[%emt 00:00:09]} 37. gxf6+
{[%clk 00:04:49]} {[%emt 00:02:03]} Kxf6 {[%clk 00:17:43]} {[%emt 00:00:13]}
38. b3 {[%clk 00:04:34]} {[%emt 00:00:44]} g5 {[%clk 00:11:38]} {[%emt
00:06:34]} 39. c4 {[%clk 00:03:41]} {[%emt 00:01:24]} Ba8 {[%clk 00:09:51]}
{[%emt 00:02:16]} 40. hxg5+ {[%clk 00:01:41]} {[%emt 00:02:31]} Kxg5 {[%clk
00:09:21]} {[%emt 00:01:00]} 41. Ke3 {[%clk 00:01:14]} {[%emt 00:00:57]} h5
{[%clk 00:09:05]} {[%emt 00:00:46]} 42. c5 {[%clk 00:28:04]} {[%emt 00:03:40]}
Kg4 {[%clk 00:37:06]} {[%emt 00:02:29]} 43. Kf2 {[%clk 00:26:15]} {[%emt
00:02:18]} h4 {[%clk 00:34:40]} {[%emt 00:02:57]} 44. c6 {[%clk 00:23:49]}
{[%emt 00:02:56]} h3 {[%clk 00:34:40]} {[%emt 00:00:29]} 45. b4 {[%clk
00:23:45]} {[%emt 00:00:35]} Kf4 {[%clk 00:34:01]} {[%emt 00:01:09]} 46. Kg1
{[%clk 00:05:21]} {[%emt 00:18:54]} Ke5 {[%clk 00:31:13]} {[%emt 00:03:18]} 47.
c7 {[%clk 00:05:17]} {[%emt 00:00:34]} Bb7 {[%clk 00:31:37]} {[%emt 00:00:05]}
48. Nc6+ {[%clk 00:02:23]} {[%emt 00:03:24]} Kd6 {[%clk 00:31:52]} {[%emt
00:00:16]} 49. Nxa7 {[%clk 00:02:46]} {[%emt 00:00:07]} Kxc7 {[%clk 00:32:17]}
{[%emt 00:00:05]} 50. Nb5+ {[%clk 00:03:11]} {[%emt 00:00:05]} Kc6 {[%clk
00:31:27]} {[%emt 00:01:19]} 51. a4 {[%clk 00:03:18]} {[%emt 00:00:23]} Kd5
{[%clk 00:31:33]} {[%emt 00:00:24]} 52. Na3 {[%clk 00:02:51]} {[%emt 00:00:57]}
Kd4 {[%clk 00:26:53]} {[%emt 00:05:10]} 53. a5 {[%clk 00:01:01]} {[%emt
00:02:20]} Kc3 {[%clk 00:25:52]} {[%emt 00:01:31]} 54. b5 {[%clk 00:01:07]}
{[%emt 00:00:25]} Kb4 {[%clk 00:26:08]} {[%emt 00:00:13]} 55. a6 {[%clk
00:01:28]} {[%emt 00:00:09]} Bc8 {[%clk 00:26:32]} {[%emt 00:00:06]} 56. Kh2
{[%clk 00:01:46]} {[%emt 00:00:12]} 1/2-1/2